Statistics for Nationalities #4

Click here to take the quiz!

General Stats

  • This quiz has been taken 103 times
  • The average score is 12 of 14

Answer Stats

PersonCountry% Correct
Vladimir PutinRussia
99%
Mel GibsonAustralia
97%
Justin BieberCanada
97%
Eleanor RooseveltUnited States
97%
Charles DeGaulleFrance
95%
Vincent van GoghNetherlands
93%
AkihitoJapan
91%
Richard WagnerGermany
89%
AesopGreece
83%
RihannaBarbados
79%
Adriana LimaBrazil
74%
Frida KahloMexico
74%
Haile SelassieEthiopia
72%
Wilhelm TellSwitzerland
71%

Score Distribution

Percentile by Number Answered

Percent of People with Each Score

Your Score History

You have not taken this quiz